<?xml version="1.0" encoding="UTF-8"?>
<record
    xmlns:xsi="http://www.w3.org/2001/XMLSchema-instance"
    xsi:schemaLocation="http://www.loc.gov/MARC21/slim http://www.loc.gov/standards/marcxml/schema/MARC21slim.xsd"
    xmlns="http://www.loc.gov/MARC21/slim">

  <leader>01370nam a22001457a 4500</leader>
  <datafield tag="999" ind1=" " ind2=" ">
    <subfield code="c">533085</subfield>
    <subfield code="d">533085</subfield>
  </datafield>
  <controlfield tag="008">260422b           ||||| |||| 00| 0 eng d</controlfield>
  <datafield tag="100" ind1=" " ind2=" ">
    <subfield code="a">Singh, Anushka and Meher, Surendra </subfield>
    <subfield code="9">60217</subfield>
  </datafield>
  <datafield tag="245" ind1=" " ind2=" ">
    <subfield code="a">Theoretical and conceptual evolution of unpaid work: review and comments </subfield>
  </datafield>
  <datafield tag="260" ind1=" " ind2=" ">
    <subfield code="a">Madhya Pradesh Journal of Social Sciences  </subfield>
  </datafield>
  <datafield tag="300" ind1=" " ind2=" ">
    <subfield code="a">29(2), Dec, 2024: p.1-15</subfield>
  </datafield>
  <datafield tag="520" ind1=" " ind2=" ">
    <subfield code="a">This study traces the evolution of the concept of &#x2018;unpaid work&#x2019; and its theoretical evolution from the perspective of gender. Several dominant theoretical framework son feminist concerns have been discussed in an attempt to explain the reason for existence of the &#x2018;unpaid work&#x2019;. The need for such theoretical analysis arises from both sociological and economic perspectives that bear consequences on women&#x2019;s lives and experiences. Building on these conceptual and theoretical underpinnings, this study will helps in building a strong literature base for further research and policy guidelines helping in the recognition, redistribution and reduction of women&#x2019;s unpaid work.-Reproduced 


https://mpissr.org/wp-content/uploads/2025/05/MPJSS-292-December-2024.pdf</subfield>
  </datafield>
  <datafield tag="650" ind1=" " ind2=" ">
    <subfield code="a">Classification of &#x2018;work&#x2019;, Categorisation of unpaid work, Theoretical evolutions, Gender issues and unpaid work</subfield>
    <subfield code="9">60172</subfield>
  </datafield>
  <datafield tag="773" ind1=" " ind2=" ">
    <subfield code="a">Madhya Pradesh Journal of Social Sciences  </subfield>
  </datafield>
  <datafield tag="942" ind1=" " ind2=" ">
    <subfield code="c">AR</subfield>
  </datafield>
  <datafield tag="952" ind1=" " ind2=" ">
    <subfield code="0">0</subfield>
    <subfield code="1">0</subfield>
    <subfield code="2">ddc</subfield>
    <subfield code="4">0</subfield>
    <subfield code="7">0</subfield>
    <subfield code="9">408256</subfield>
    <subfield code="a">IIPA</subfield>
    <subfield code="b">IIPA</subfield>
    <subfield code="d">2026-04-22</subfield>
    <subfield code="h">29(2), Dec, 2024: p.1-15</subfield>
    <subfield code="p">AR138597</subfield>
    <subfield code="r">2026-04-22</subfield>
    <subfield code="y">AR</subfield>
  </datafield>
</record>
